Mindestens drei Binnen-Nachbarstaaten - Statistiken

Allgemein
  • Dieses Quiz wurde 672 mal gespielt
    493 seit der letzten Aktualisierung
  • Das Durchschnittsergebnis liegt bei 18 aus 28
Antworten auf der Karte
Die Antworten werden auf der Karte rot bzw. grün angezeigt, abhängig davon wie oft sie richtig erraten wurden.
 
Antwortstatistiken
Antwort % Korrekt
Österreich
82%
Slowakei
76%
Ungarn
76%
Kasachstan
74%
Kirgisistan
74%
Tadschikistan
74%
Usbekistan
74%
Niger
73%
Afghanistan
71%
Serbien
71%
Turkmenistan
71%
Demokratische Republik Kongo
69%
China
67%
Russland
67%
Deutschland
66%
Südsudan
65%
Sudan
56%
Sambia
55%
Ukraine
55%
Iran
53%
Polen
53%
Rumänien
53%
Italien
52%
Südafrika
51%
Frankreich
48%
Kenia
45%
Tansania
43%
Mosambik
38%
Keine übereinstimmenden Quizze gefunden
Verteilung der Resultate
Anzahl Personen mit jedem Resultat
Perzentil nach korrekt beantworteten Fragen
Ihre Resultats-Entwicklung
Sie haben dieses Quiz seit der letzten Aktualisierung nicht gespielt